000 00679nam a2200265 i 4500
001 C2-0016745
003 PPAK
005 20190630221942.0
008 970202s1993 my a|||| ||||| | may d
020 _a9679272737
040 _aPPAK
_beng
_cPPAK
_erda
082 0 4 _a796.323
_223
090 0 0 _a796.323
_bBOL
_dK
245 0 0 _aBola jaring
264 1 _aKuala Lumpur :
_bFargoes ,
_c1993
300 _a62 pages :
_billustrations ;
_c17 cm
336 _2rdacontent
_atext
337 _2rdamedia
_aunmediated
338 _2rdacarrier
_avolume
490 1 _aSiri sukan
650 1 0 _aGames - Malaysia
700 0 _aMariati,
_ecompile
830 0 _aSiri sukan
942 _ddc
_cB
999 _c4019
_d4019